Seas in their Local Language - Statistics

General Stats
  • This quiz has been taken 36 times
    23 since last reset
  • The average score is 14 of 20
Answer Stats
Hint Answer % Correct
Chinese
100%
Irish
89%
Korean
89%
Russian
89%
German
83%
Turkish
78%
Ostsee East Sea Baltic Sea
72%
Marea Neagră Black Sea
72%
Muir Éireann Irish Sea
72%
Swedish
72%
东海 East Sea East China Sea
67%
Romanian
67%
French
61%
Östersjön East Lake Baltic Sea
56%
Manche Sleeve English Channel
56%
Indonesian
56%
Тихий Quiet Океан Pacific Ocean
56%
동해 East Sea Sea of Japan
56%
Akdeniz Mediterranean Sea
50%
Laut Jawa Java Sea
44%
No matching quizzes found
Score Distribution
Percent of People with Each Score
Percentile by Number Answered
Your Score History
You have not taken this quiz since the last reset